All MCC HALO Levels (CE,2,3,ODST,Reach,4) - Statistics

General Stats
  • This quiz has been taken 57 times
  • The average score is 38 of 60
Answer Stats
Answer % Correct
Halo
91%
The Pillar of Autumn
91%
343 Guilty Spark
84%
The Library
84%
The Maw
84%
The Truth and Reconciliation
84%
Keyes
81%
The Silent Cartographer
81%
Assault on the Control Room
78%
Halo
78%
Two Betrayals
78%
Sierra 117
75%
Cairo Station
72%
Cortana
72%
Crow's Nest
72%
Gravemind
72%
High Charity
72%
Metropolis
72%
The Covenant
72%
Floodgate
69%
Regret
69%
Sacred Icon
69%
The Ark
69%
The Storm
69%
Tsavo Highway
69%
Delta Halo
66%
Long Night of Solace
66%
Mombasa Streets
66%
Nightfall
66%
Outskirts
66%
The Arbiter
66%
Winter Contingency
66%
New Alexandria
63%
ONI: Sword Base
63%
Quarantine Zone
63%
The Armory
63%
The Great Journey
63%
The Package
63%
The Pillar of Autumn
63%
Lone Wolf
59%
The Oracle
59%
Tip of the Spear
59%
Uprising
59%
Exodus
56%
Infinity
56%
Requiem
56%
NMPD HQ
53%
Coastal Highway
50%
Data Hive
50%
Tayari Plaza
47%
Kikowani Station
44%
Uplift Reserve
44%
Composer
41%
Forerunner
41%
Midnight
41%
ONI Alpha Site
41%
Dawn
38%
Kizingo Boulevard
38%
Shutdown
31%
Reclaimer
28%
No matching quizzes found
Score Distribution
Percent of People with Each Score
Percentile by Number Answered
Your Score History
You have not taken this quiz